Obsahová analýza pohybov očí pri online programovaní

Saved in:
Bibliographic Details
Main Author: Antl, Ondrej (Author)
Other Authors: Tvarožek, Jozef (Thesis advisor)
Format: Manuscript Book
Language:Slovak
Published: 2017
Subjects:
Online Access:http://is.stuba.sk/zp/portal_zp.pl?podrobnosti=126880
Tags: Add Tag
No Tags, Be the first to tag this record!

MARC

LEADER 00000ntm a22000003a 4500
001 stuzp64572
003 SK-STU
005 20170624213603.6
007 ta
008 150427s2015----xo-----f-mn---000-0-slo-d
040 |a STU  |b slo 
041 0 |a slo 
100 1 |a Antl, Ondrej  |u 070200  |4 aut  |U FIIT Fakulta informatiky a informačných technológií  |T FIIT Ústav informatiky, informačných systémov a softvérového inžinierstva  |X 48066  |U I200  |Y 179  |7 48066 
242 0 1 |a Content-aware eye movement analysis in online programming  |y eng 
245 1 0 |a Obsahová analýza pohybov očí pri online programovaní 
260 |c 2017 
650 4 |a pochopenie zdrojového kódu  |2 slo 
650 4 |a automatická anotácia dát pohľadu  |2 slo 
650 4 |a sledovanie pohľadu  |2 slo 
650 4 |a eye tracking  |2 eng 
650 4 |a source code comprehension  |2 eng 
650 4 |a automatic annotation of gaze data  |2 eng 
700 1 |a Tvarožek, Jozef  |u 070200  |k Z1  |4 ths  |U FIIT Fakulta informatiky a informačných technológií  |T FIIT Ústav informatiky, informačných systémov a softvérového inžinierstva  |X 52473  |U I200  |Y 179  |7 52473 
856 4 |u http://is.stuba.sk/zp/portal_zp.pl?podrobnosti=126880 
996 |b 11195  |c I* DP106/17  |l II680  |s P  |a 0  |w stuzp64572_0001